000 00304nam a2200097Ia 4500
008 220120s9999||||xx |||||||||||||| ||und||
100 _aKarthik, H.B and Shwetha shree
_912236
245 0 _aVoice Browser
260 _aCoorg Institute of Technology
_bPonnampet
_c2010
650 _aELECTRONICS AND COMMUNICATIONS
999 _c137822
_d137822